|
|
|
|
| LEADER |
00783nam a22002051 4500 |
| 001 |
c000367265 |
| 003 |
CARM |
| 005 |
00000000000000.0 |
| 008 |
851211s1946 enk 0 eng d |
| 019 |
1 |
|
|a 4170656
|5 LACONCORD2021
|
| 035 |
|
|
|a (OCoLC)219802072
|5 LACONCORD2021
|
| 100 |
1 |
|
|a Owen, Henry.
|
| 245 |
1 |
0 |
|a Steel :
|b the facts about monopoly and nationalisation.
|
| 260 |
|
|
|a Lond. :
|b Lawrence & Wishart,
|c 1946.
|
| 650 |
|
0 |
|a Steel industry and trade
|x Nationalization.
|
| 650 |
|
0 |
|a Steel industry and trade
|z Great Britain.
|
| 852 |
8 |
|
|b CARM
|h A1:AM35A0
|i A05095
|p 0437692
|f BK
|
| 082 |
0 |
4 |
|a 338.47
|
| 999 |
f |
f |
|i f3b0e8f2-b7c6-524d-9a77-d47da735088d
|s ed5c4e21-c066-5e9f-8333-3cbae9a74dd6
|
| 952 |
f |
f |
|p Can circulate
|a CAVAL
|b CAVAL
|c CAVAL
|d CARM 1 Store
|e A05095
|f A1:AM35A0
|h Other scheme
|i book
|m 0437692
|